000 02730cam a22004574i 4500
003 PE-LiUPU
005 20250731173113.0
008 190103s2018 miu r 001 0 eng
020 _a080109898X
020 _a9780801098987
035 _a(Sirsi) a251279
049 _aPRUA
082 _a261
_bA4
_223
245 0 0 _aAll things hold together in Christ :
_ba conversation on faith, science, and virtue /
_cedited by James K.A. Smith and Michael L. Gulker.
264 1 _aGrand Rapids, MI :
_bBaker Academic,
_c[2018].
300 _axxi, 375 páginas ;
_c22 centímetros
336 _atext
_2rdacontent
337 _aunmediated
_2rdamedia
338 _avolume
_2rdacarrier
504 _aÍndice: páginas 369-375.
505 0 _aCreating a community for the conversation : ecclesiology and worship -- The church as church : practicing the politics of Jesus -- Friends of God and friends of God's friends -- Friendship and the ways to truth -- Worship is our worldview : Christian worship and the formation of desire -- Common prayer -- Putting on Christ : formation in virtue -- The master argument of MacIntyre's After Virtue -- The nature of the virtues -- The church as a community of practice -- Resistance to the demands of love : on sloth -- Cultivating gratitude : pray without ceasing -- Why Christian character matters -- Come let us reason together : tradition-based rationality -- The rationality of traditions -- Aquinas and the rationality of tradition -- The epistemic priority of Jesus Christ /
_rRobert Barron -- Reading Scripture with the Reformers -- All things hold together in Christ : exploring God's world -- Come and see : a christological invitation for science -- Encountering God's world : curiositas vs. caritas -- The religious path to exclusive humanism : from deism to atheism -- Natural theology, or a theology of creation? -- Science, stories, and our knowledge of the natural world --Science for the church : natural sciences in the Christian University.
526 _aSEG42
526 _aSEG41
526 _aSEG40
526 _aSEG39
526 _aP94
526 _aP87
526 _aP86
526 _aP85
526 _aP77
526 _aP76
526 _aP35
650 1 4 _aCristianismo y otras religiones.
_91630
650 2 4 _aCristianismo y política.
_92463
910 _adbm
_bsag
_csag
_d20190103
942 _2ddc
_cBOOK
994 _aC0
_bPEPRU
596 _a1
999 _a261 A4
_wDEWEY
_c30701
_i79448
_f2021-11-10
_g3
_lCCODEBUL1
_mBUL
_p18.00
_r0
_sY
_tBOOK
_u2019-1-3
_xTEOLOGIA
_PP85
_0DONACION
_1FCOMPR2
_o.STAFF. Colección Teología
_d30701
980 _81
_gALBERTO SANCHEZ Responsable de Automatización